000
00210 a2200097 4500
001
3336
100
_a
Kotelawala, S.J
245
_a
Asian prime inisters story an
260
_a
_b
Harrap
_c
090
_c
2614
_d
2614
942
_a
NUST-CAE
_c
M
_c
17936
999
_c
238409
_d
238409